000
00339nam a2200145Ia 4500
999
_c
14015
_d
14015
003
OSt
005
20260422122332.0
008
260210s9999 xx 000 0 und d
020
_a
9788957709153
082
_a
720.956
100
_a
Archiworld
245
0
_a
Middle East 100 Architecture, Vol. 1
260
_b
Archiworld
942
_c
PG
_2
ddc